Výroba tepla a energie z dendromasy [vysokoškolská učebnica]

Bibliographic Details
Main Authors: Dzurenda, Ladislav, 1955- (Author), Banski, Adrián, 1975- (Author)
Format: Book
Language:Slovak
PhysicalDescription:239 s. fotogr., grafy, ilustr., sch., tab. 25 cm
Published: Vo Zvolene Technická univerzita 2016
ISBN:9788022829281
Edition:1. vyd.
Subjects:

MARC

LEADER 00000nam a2200000 a 4500
001 vtls011621130
003 SK-MaSNL
005 20260301140519.0
008 240318s2016 xo oda e np 000 0 slo
015 |a SNBA2017/04 
020 |a 9788022829281  |q (brož.) 
035 |a urn:nbn:sk:snk-am00dfnm 
035 |a urn:nbn:sk:snk-am3i0nv 
035 |a B93C42B9-E13A-4323-B120-89A540D3FFF3 
040 |a SNK  |b slo  |c SNK  |e AACR2 
041 0 |a slo 
044 |a xo  |c SK 
072 7 |a 620.9  |x Energetika  |2 konspekt 
080 |a 630*33  |2 2011 
080 |a (075.8)  |2 2011 
080 |a 662.63  |2 2011 
080 |a 620.92/.95  |2 2011 
080 |a 662.61  |2 2011 
080 |a 662.756+662.767  |2 2011 
100 1 |a Dzurenda, Ladislav,  |d 1955-  |4 aut  |9 214995 
245 1 0 |a Výroba tepla a energie z dendromasy  |b [vysokoškolská učebnica]  |c Ladislav Dzurenda, Adrián Banski 
250 |a 1. vyd. 
260 |a Vo Zvolene  |b Technická univerzita  |c 2016 
300 |a 239 s.  |b fotogr., grafy, ilustr., sch., tab.  |c 25 cm 
366 |e 150 výtlačkov 
504 |a Bibliografia na strane 231-239 ; slovensko-anglicko-ruský slovník 
650 0 7 |a drevný odpad  |2 SNKPH  |9 72948 
650 0 7 |a Wood waste  |2 SNKPHeng  |9 364617 
650 0 7 |a palivové drevo  |2 SNKPH  |9 111993 
650 0 7 |a Firewood  |2 SNKPHeng  |9 493283 
650 0 7 |a alternatívne energetické zdroje  |2 SNKPH  |9 3476 
650 0 7 |a Renewable energy sources  |2 SNKPHeng  |9 266485 
650 0 7 |a spaľovanie  |2 SNKPH  |9 16534 
650 0 7 |a Combustion  |2 SNKPHeng  |9 327794 
650 0 7 |a biopalivá  |2 SNKPH  |9 20474 
650 0 7 |a Biofuels  |2 SNKPHeng  |9 327718 
655 7 |a učebnice vysokých škôl  |2 SNKPH  |9 70191 
655 7 |a Textbooks (higher)  |2 SNKPHeng  |9 276436 
700 1 |a Banski, Adrián,  |d 1975-  |4 aut  |9 162706 
752 |a Slovensko  |d Zvolen 
852 |a Štátna vedecká knižnica v Banskej Bystrici 
919 |a 978-80-228-2928-1 
958 |a NB 
999 |c 763996  |d 765926 
952 |a SNK  |b SNK  |y PREZ  |7 0  |p 17A1256445  |o snkSC 173925  |i snk2017/7878  |8 0  |0 0  |1 0  |4 0  |d 2017-03-30  |f 1  |l 0  |r 2025-09-11 00:00:00  |w 2026-02-24 
952 |a SNK  |b SNK  |y VYP  |7 0  |p 17A1256446  |o snkSC 173925 D1  |i snk2017/7879  |8 0  |0 0  |1 0  |4 0  |d 2017-03-30  |l 0  |r 2026-02-24 00:14:08  |w 2026-02-24